<?xml version="1.0" encoding="UTF-8"?>
<record
    xmlns:xsi="http://www.w3.org/2001/XMLSchema-instance"
    xsi:schemaLocation="http://www.loc.gov/MARC21/slim http://www.loc.gov/standards/marcxml/schema/MARC21slim.xsd"
    xmlns="http://www.loc.gov/MARC21/slim">

  <leader>00473nam a2200169   4500</leader>
  <controlfield tag="003">SEACOMEC</controlfield>
  <controlfield tag="005">20241227121443.0</controlfield>
  <controlfield tag="008">241227b        |||||||| |||| 00| 0 eng d</controlfield>
  <datafield tag="020" ind1=" " ind2=" ">
    <subfield code="a">0-07-463579-4.</subfield>
    <subfield code="c">295.00</subfield>
  </datafield>
  <datafield tag="040" ind1=" " ind2=" ">
    <subfield code="a">SEACOMEC</subfield>
  </datafield>
  <datafield tag="082" ind1=" " ind2=" ">
    <subfield code="a">005.43</subfield>
    <subfield code="b">D533</subfield>
  </datafield>
  <datafield tag="100" ind1=" " ind2=" ">
    <subfield code="a">Dhamdhere, D. M </subfield>
  </datafield>
  <datafield tag="245" ind1=" " ind2=" ">
    <subfield code="a">Systems Programming and Operating Systems /</subfield>
    <subfield code="c">D. M . Dhamdhere, </subfield>
  </datafield>
  <datafield tag="250" ind1=" " ind2=" ">
    <subfield code="a">2nd ed</subfield>
  </datafield>
  <datafield tag="260" ind1=" " ind2=" ">
    <subfield code="a">New Delhi</subfield>
    <subfield code="b">Tata  McGraw Hill Education India</subfield>
    <subfield code="c">2007</subfield>
  </datafield>
  <datafield tag="942" ind1=" " ind2=" ">
    <subfield code="c">BOOK</subfield>
  </datafield>
  <datafield tag="952" ind1=" " ind2=" ">
    <subfield code="0">0</subfield>
    <subfield code="1">0</subfield>
    <subfield code="2">ddc</subfield>
    <subfield code="4">0</subfield>
    <subfield code="7">0</subfield>
    <subfield code="a">SEACOMEC</subfield>
    <subfield code="b">SEACOMEC</subfield>
    <subfield code="d">2008-05-06</subfield>
    <subfield code="l">0</subfield>
    <subfield code="o">005.43 D533</subfield>
    <subfield code="p">11538</subfield>
    <subfield code="r">2024-12-27 12:12:40</subfield>
    <subfield code="w">2024-12-27</subfield>
    <subfield code="y">BOOK</subfield>
  </datafield>
  <datafield tag="952" ind1=" " ind2=" ">
    <subfield code="0">0</subfield>
    <subfield code="1">0</subfield>
    <subfield code="2">ddc</subfield>
    <subfield code="4">0</subfield>
    <subfield code="7">0</subfield>
    <subfield code="a">SEACOMEC</subfield>
    <subfield code="b">SEACOMEC</subfield>
    <subfield code="d">2008-05-06</subfield>
    <subfield code="l">0</subfield>
    <subfield code="o">005.43 D533</subfield>
    <subfield code="p">11539</subfield>
    <subfield code="r">2024-12-27 12:12:40</subfield>
    <subfield code="t">1</subfield>
    <subfield code="w">2024-12-27</subfield>
    <subfield code="y">BOOK</subfield>
  </datafield>
  <datafield tag="952" ind1=" " ind2=" ">
    <subfield code="0">0</subfield>
    <subfield code="1">0</subfield>
    <subfield code="2">ddc</subfield>
    <subfield code="4">0</subfield>
    <subfield code="7">0</subfield>
    <subfield code="a">SEACOMEC</subfield>
    <subfield code="b">SEACOMEC</subfield>
    <subfield code="d">2008-05-06</subfield>
    <subfield code="l">0</subfield>
    <subfield code="o">005.43 D533</subfield>
    <subfield code="p">11540</subfield>
    <subfield code="r">2024-12-27 12:12:40</subfield>
    <subfield code="t">2</subfield>
    <subfield code="w">2024-12-27</subfield>
    <subfield code="y">BOOK</subfield>
  </datafield>
  <datafield tag="952" ind1=" " ind2=" ">
    <subfield code="0">0</subfield>
    <subfield code="1">0</subfield>
    <subfield code="2">ddc</subfield>
    <subfield code="4">0</subfield>
    <subfield code="7">0</subfield>
    <subfield code="a">SEACOMEC</subfield>
    <subfield code="b">SEACOMEC</subfield>
    <subfield code="d">2008-05-06</subfield>
    <subfield code="l">0</subfield>
    <subfield code="o">005.43 D533</subfield>
    <subfield code="p">11541</subfield>
    <subfield code="r">2024-12-27 12:12:40</subfield>
    <subfield code="t">3</subfield>
    <subfield code="w">2024-12-27</subfield>
    <subfield code="y">BOOK</subfield>
  </datafield>
  <datafield tag="952" ind1=" " ind2=" ">
    <subfield code="0">0</subfield>
    <subfield code="1">0</subfield>
    <subfield code="2">ddc</subfield>
    <subfield code="4">0</subfield>
    <subfield code="7">0</subfield>
    <subfield code="a">SEACOMEC</subfield>
    <subfield code="b">SEACOMEC</subfield>
    <subfield code="d">2008-05-06</subfield>
    <subfield code="l">0</subfield>
    <subfield code="o">005.43 D533</subfield>
    <subfield code="p">11542</subfield>
    <subfield code="r">2024-12-27 12:12:40</subfield>
    <subfield code="t">4</subfield>
    <subfield code="w">2024-12-27</subfield>
    <subfield code="y">BOOK</subfield>
  </datafield>
  <datafield tag="952" ind1=" " ind2=" ">
    <subfield code="0">0</subfield>
    <subfield code="1">0</subfield>
    <subfield code="2">ddc</subfield>
    <subfield code="4">0</subfield>
    <subfield code="7">0</subfield>
    <subfield code="a">SEACOMEC</subfield>
    <subfield code="b">SEACOMEC</subfield>
    <subfield code="d">2008-05-06</subfield>
    <subfield code="l">0</subfield>
    <subfield code="o">005.43 D533</subfield>
    <subfield code="p">11543</subfield>
    <subfield code="r">2024-12-27 12:12:40</subfield>
    <subfield code="t">5</subfield>
    <subfield code="w">2024-12-27</subfield>
    <subfield code="y">BOOK</subfield>
  </datafield>
  <datafield tag="952" ind1=" " ind2=" ">
    <subfield code="0">0</subfield>
    <subfield code="1">0</subfield>
    <subfield code="2">ddc</subfield>
    <subfield code="4">0</subfield>
    <subfield code="7">0</subfield>
    <subfield code="a">SEACOMEC</subfield>
    <subfield code="b">SEACOMEC</subfield>
    <subfield code="d">2008-05-06</subfield>
    <subfield code="l">0</subfield>
    <subfield code="o">005.43 D533</subfield>
    <subfield code="p">11544</subfield>
    <subfield code="r">2024-12-27 12:12:40</subfield>
    <subfield code="t">6</subfield>
    <subfield code="w">2024-12-27</subfield>
    <subfield code="y">BOOK</subfield>
  </datafield>
  <datafield tag="999" ind1=" " ind2=" ">
    <subfield code="c">1914</subfield>
    <subfield code="d">1914</subfield>
  </datafield>
</record>
